Power system small signal stability analysis and control / (Record no. 355592)
[ view plain ]
| 000 -LEADER | |
|---|---|
| fixed length control field | 01305cam a2200313 i 4500 |
| 001 - CONTROL NUMBER | |
| control field | 18165587 |
| 003 - CONTROL NUMBER IDENTIFIER | |
| control field | Nust- CAS-E |
| 005 - DATE AND TIME OF LATEST TRANSACTION | |
| control field | 20180118181406.0 |
| 008 - FIXED-LENGTH DATA ELEMENTS--GENERAL INFORMATION | |
| fixed length control field | 140527s2014 ne b 001 0 eng |
| 010 ## - LIBRARY OF CONGRESS CONTROL NUMBER | |
| LC control number | 2014011894 |
| 020 ## - INTERNATIONAL STANDARD BOOK NUMBER | |
| International Standard Book Number | 9780128005729 |
| 040 ## - CATALOGING SOURCE | |
| Original cataloging agency | DLC |
| Language of cataloging | eng |
| Transcribing agency | DLC |
| Description conventions | rda |
| Modifying agency | DLC |
| 042 ## - AUTHENTICATION CODE | |
| Authentication code | pcc |
| 050 00 - LIBRARY OF CONGRESS CALL NUMBER | |
| Classification number | TK1010 |
| Item number | .M664 2014 |
| 082 00 - DEWEY DECIMAL CLASSIFICATION NUMBER | |
| Classification number | 621.31 |
| Edition number | 23 |
| Author Mark | MON-P 2014 |
| 100 1# - MAIN ENTRY--PERSONAL NAME | |
| Personal name | Mondal, Debashis, |
| Dates associated with a name | 1978- |
| 245 10 - TITLE STATEMENT | |
| Title | Power system small signal stability analysis and control / |
| Statement of responsibility, etc. | Debasish Mondal, Haldia Institute of Technology, P.O. -Hatiberia, HIT, Purba Medinipur, Haldia-721657, Abhijit Chakrabarti, Bengal Engineering & Science University, P.O. -B. Garden, Shibpur, Howrah-711103, Aparajita Sengupta, Bengal Engineering and Science University, P.O. -B. Garden, Shibpur, Howrah-711103. |
| 250 ## - EDITION STATEMENT | |
| Edition statement | First edition. |
| 300 ## - PHYSICAL DESCRIPTION | |
| Extent | xviii, 317 pages ; |
| Dimensions | 24 cm |
| 502 ## - DISSERTATION NOTE | |
| Dissertation note | 0 |
| 504 ## - BIBLIOGRAPHY, ETC. NOTE | |
| Bibliography, etc. note | Includes bibliographical references and index. |
| 650 #0 - SUBJECT ADDED ENTRY--TOPICAL TERM | |
| Topical term or geographic name entry element | Electric power system stability. |
| 650 #0 - SUBJECT ADDED ENTRY--TOPICAL TERM | |
| Topical term or geographic name entry element | Electric power systems |
| General subdivision | Control. |
| 700 1# - ADDED ENTRY--PERSONAL NAME | |
| Personal name | Chakrabarti, Abhijit. |
| 700 1# - ADDED ENTRY--PERSONAL NAME | |
| Personal name | Sengupta, Aparajita. |
| 906 ## - LOCAL DATA ELEMENT F, LDF (RLIN) | |
| a | 7 |
| b | cbc |
| c | orignew |
| d | 1 |
| e | ecip |
| f | 20 |
| g | y-gencatlg |
| 942 ## - ADDED ENTRY ELEMENTS (KOHA) | |
| Source of classification or shelving scheme | |
| Koha item type | Book |
| Withdrawn status | Lost status | Source of classification or shelving scheme | Damaged status | Not for loan | Collection code | Permanent Location | Current Location | Shelving location | Date acquired | Source of acquisition | Cost, normal purchase price | Total Checkouts | Full call number | Barcode | Date last seen | Copy number | Price effective from | Koha item type |
|---|---|---|---|---|---|---|---|---|---|---|---|---|---|---|---|---|---|---|
| US-Pakistan Center for Advanced Studies in Energy (USPCAS-E) | US-Pakistan Center for Advanced Studies in Energy (USPCAS-E) | 11/03/2015 | Multiline Books | 20875.00 | 621.31 MON-P 2014 | CAS-E0000692 | 11/03/2015 | C-2 | 11/03/2015 | Book | ||||||||
| US-Pakistan Center for Advanced Studies in Energy (USPCAS-E) | US-Pakistan Center for Advanced Studies in Energy (USPCAS-E) | 11/03/2015 | Multiline Books | 20875.00 | 621.31 MON-P 2014 | CAS-E0000691 | 11/03/2015 | 11/03/2015 | Book |
